<?xml version="1.0" encoding="UTF-8"?><?xml-stylesheet type="text/xsl" href="static/style.xsl"?><OAI-PMH xmlns="http://www.openarchives.org/OAI/2.0/" xmlns:xsi="http://www.w3.org/2001/XMLSchema-instance" xsi:schemaLocation="http://www.openarchives.org/OAI/2.0/ http://www.openarchives.org/OAI/2.0/OAI-PMH.xsd"><responseDate>2026-06-07T15:18:12Z</responseDate><request verb="GetRecord" identifier="oai:docta.ucm.es:20.500.14352/103207" metadataPrefix="marc">https://docta.ucm.es/rest/oai/request</request><GetRecord><record><header><identifier>oai:docta.ucm.es:20.500.14352/103207</identifier><datestamp>2024-04-18T23:50:59Z</datestamp><setSpec>com_20.500.14352_14</setSpec><setSpec>col_20.500.14352_15</setSpec></header><metadata><record xmlns="http://www.loc.gov/MARC21/slim" xmlns:dcterms="http://purl.org/dc/terms/" xmlns:xsi="http://www.w3.org/2001/XMLSchema-instance" xmlns:doc="http://www.lyncode.com/xoai" xsi:schemaLocation="http://www.loc.gov/MARC21/slim http://www.loc.gov/standards/marcxml/schema/MARC21slim.xsd">
   <leader>00925njm 22002777a 4500</leader>
   <datafield ind2=" " ind1=" " tag="042">
      <subfield code="a">dc</subfield>
   </datafield>
   <datafield ind2=" " ind1=" " tag="720">
      <subfield code="a">Ceniza Bordallo, Guillermo</subfield>
      <subfield code="e">author</subfield>
   </datafield>
   <datafield ind2=" " ind1=" " tag="720">
      <subfield code="a">Gómez Fraile, Andrés</subfield>
      <subfield code="e">author</subfield>
   </datafield>
   <datafield ind2=" " ind1=" " tag="720">
      <subfield code="a">Martín Casas, Patricia</subfield>
      <subfield code="e">author</subfield>
   </datafield>
   <datafield ind2=" " ind1=" " tag="720">
      <subfield code="a">López De Uralde Villanueva, Ibai Julio</subfield>
      <subfield code="e">author</subfield>
   </datafield>
   <datafield ind2=" " ind1=" " tag="260">
      <subfield code="c">2023-11</subfield>
   </datafield>
   <datafield ind2=" " ind1=" " tag="520">
      <subfield code="a">Introduction: Pain catastrophizing is a powerful factor that can affect health care outcomes as well as emotional and physical well-being. The Pain Catastrophizing Scale for Children (PCS-C) is widely used, but it is not validated in Spanish. The aim of the study was to translate the PCS-C to Spanish and assess the validity and reliability of the translated version.

Patients and methods: This study was carried out in two phases: (a) instrument translation (via a translation-back-translation process) and (b) psychometric analysis (construct validity: exploratory and confirmatory factor analysis, internal consistency, floor and ceiling effects and convergent validity). It had a cross-sectional design and was conducted on a sample of children aged 8-18 years was selected by convenience in a paediatric hospital. The study followed the STARD checklist.

Results: The sample included 150 children and adolescents (mean age, 12.45 years; 63.8% male) and their parents. The exploratory and the confirmatory analysis showed a good adjustment of the model to the original 3-model structure with 13 items. The internal consistency of the scale was excellent (Cronbach α, 0.904), and no floor or ceiling effects were detected. In the convergent validity analysis, the Spanish version of the PCS-C showed a moderate correlation with pain interference (r=0.400) and with health-related quality of life (r=0.217-0.303).

Conclusions: These results show that the Spanish version of the PCS-C is a valid and reliable scale to assess pain catastrophizing in children and adolescents.</subfield>
   </datafield>
   <datafield ind1="8" ind2=" " tag="024">
      <subfield code="a">2341-2879</subfield>
   </datafield>
   <datafield ind1="8" ind2=" " tag="024">
      <subfield code="a">10.1016/j.anpede.2023.09.011</subfield>
   </datafield>
   <datafield ind1="8" ind2=" " tag="024">
      <subfield code="a">https://hdl.handle.net/20.500.14352/103207</subfield>
   </datafield>
   <datafield ind1="8" ind2=" " tag="024">
      <subfield code="a">https://doi.org/10.1016/j.anpede.2023.09.011</subfield>
   </datafield>
   <datafield ind2="0" ind1="0" tag="245">
      <subfield code="a">Validation of the Spanish version of the Pain Catastrophizing Scale for Children (PCS-C)</subfield>
   </datafield>
</record></metadata></record></GetRecord></OAI-PMH>